Catálogo

Historia del apóstol de Iesvs Christo Sanctiago Zebedeo patrón y capitán general de las España / (Registro nro. 56634)

Detalles MARC
000 -LEADER
fixed length control field 01559cam a2200337 i 4500
001 - CONTROL NUMBER
control field 56634
003 - CONTROL NUMBER IDENTIFIER
control field Mx-PuUPA
005 - DATE AND TIME OF LATEST TRANSACTION
control field 20191008160329.0
008 - FIXED-LENGTH DATA ELEMENTS--GENERAL INFORMATION
fixed length control field 140415s2000 sp ah r 000 0 spa d
020 ## - INTERNATIONAL STANDARD BOOK NUMBER
International Standard Book Number 8445328778
040 ## - CATALOGING SOURCE
Original cataloging agency Mx-PuUPA
Language of cataloging spa
Transcribing agency Mx-PuUPA
Modifying agency Mx-PuUPA
Description conventions rda
041 0# - LANGUAGE CODE
Language code of text/sound track or separate title eng
100 1# - MAIN ENTRY--PERSONAL NAME
9 (RLIN) 9282
Personal name Castellá Ferrer, Mauro,
Dates associated with a name 1567-1612
Relator term autor
245 10 - TITLE STATEMENT
Title Historia del apóstol de Iesvs Christo Sanctiago Zebedeo patrón y capitán general de las España /
Statement of responsibility, etc. Don Mavro Castellá Ferrer ; introducción, José Ma. Díaz Fernández
246 31 - VARYING FORM OF TITLE
Title proper/short title Historia del apóstol Santiago
250 ## - EDITION STATEMENT
Edition statement Facsimilar
264 #4 - PRODUCTION, PUBLICATION, DISTRIBUTION, MANUFACTURE, AND COPYRIGHT NOTICE
Place of production, publication, distribution, manufacture [España] :
Name of producer, publisher, distributor, manufacturer Xunta de Galicia,
Date of production, publication, distribution, manufacture, or copyright notice ©2000
300 ## - PHYSICAL DESCRIPTION
Extent xxviii, 40 páginas sin numerar, 486 páginas, 58 páginas sin numerar :
Other physical details ilustraciones, facsímiles ;
Dimensions 28 cm.
336 ## - CONTENT TYPE
Fuente rdacontent
Content type term texto
Content type code txt
337 ## - MEDIA TYPE
Source rdamedia
Media type term sin medio
Media type code n
338 ## - CARRIER TYPE
Source rdacarrier
Carrier type term volumen
Carrier type code nc
490 0# - SERIES STATEMENT
Series statement Camino do XACOBEO
600 14 - SUBJECT ADDED ENTRY--PERSONAL NAME
Personal name Santiago, Apostol
651 #4 - SUBJECT ADDED ENTRY--GEOGRAPHIC NAME
Geographic name Santiago de Compostela (España)
General subdivision Historia
651 #4 - SUBJECT ADDED ENTRY--GEOGRAPHIC NAME
Geographic name España
Geographic subdivision Santiago de Compostela
775 08 - OTHER EDITION ENTRY
Relationship information Facsímil de (obra)
Main entry heading Castela Ferrer de Luzon, Don Mauro.
Title Historia del Apostol de Iesvs Christo Sanctiago Zabedeo Patron y Capitan general de las Españas.
Place, publisher, and date of publication [Madrid : Alonso Martín de Balboa, 1610]
Language code spa
Physical description [40], 486, [58] páginas ; 28 cm.
Record control number (mxbn) 000232952
942 ## - ADDED ENTRY ELEMENTS (KOHA)
Source of classification or shelving scheme Dewey Decimal Classification
Koha item type Libro
Classification part 922.22
Item part C334
Existencias
Withdrawn status Lost status Source of classification or shelving scheme Damaged status Not for loan Collection code Home library Current library Shelving location Date acquired Source of acquisition Total Checkouts Full call number Barcode Date last seen Price effective from Koha item type
    Dewey Decimal Classification     General Biblioteca Karol Wojtyla Biblioteca Karol Wojtyla Sala general 03/12/2013 Compra   922.22 C334 2000 48960 13/03/2026 03/12/2013 Libro